000 00813cam a22002411 4500
001 sa 67003374
003 DLC
005 20260227112338.0
008 750521s1965 xx 100 0 eng
010 _asa 67003374
035 _a(OCoLC)1348248
040 _aDLC
_cNSyU
_dDLC
050 0 0 _aHD9866.A2
_bS4 1965
111 2 _aSeminar on Textile Industrial Management
_d(1965 :
_cKarachi, etc.)
245 0 0 _aProceedings.
260 _aDacca,
_bPakistan Industrial Technical Assistance Centre
_c[1965]
300 _a202p.
_billus.,ports.
_c25cm.
500 _aCover title.
500 _aOrganized by Pakistan Industrial Technical Assistance Centre.
650 0 _aTextile industry
_xManagement.
650 0 _aTextile industry
_zPakistan
_xCongresses.
710 2 _aPakistan Industrial Technical Assistance Centre.
999 _c73819
_d73819